| 000 | 00821nam a2200313Ia 4500 | ||
|---|---|---|---|
| 001 | 4787 | ||
| 005 | 20240113233759.0 | ||
| 007 | ta | ||
| 008 | 050615s1978 g b000 u asm u | ||
| 020 | _cRs. 37.00 (HB) | ||
| 040 | _aCotton College,Assam | ||
| 041 | _aasm | ||
| 082 |
_a294.5924 _bB 47 Sr |
||
| 100 | _aBhattacharya, Devendra N. . | ||
| 130 | _aGeeta. asm . | ||
| 245 | 0 |
_aSrimadbhagavat Gita / _cDevendra N. Bhattacharya. _hTextual Documents |
|
| 250 | _a1st ed. / | ||
| 260 |
_aGuwahati : _bThe Wilderness , _c1978. |
||
| 300 |
_a456p. ; _c22cm. |
||
| 365 | _aRs. 37.00 | ||
| 653 | _aAssamese-Religion | ||
| 653 | _aReligion | ||
| 653 | _aReligious Literature | ||
| 653 | _aGeeta | ||
| 653 | _aPG-Assamese | ||
| 942 |
_2ddc _cBK |
||
| 999 |
_c4774 _d4774 |
||